Reforma y mejoramiento integral de los barrios: Andrés Castro, sector Altagracia Sur, Berta Calderón y el Recreo
El proyecto permitirá conocer los problemas del sector así como la causa de ellos mismos, a través de la elaboración de un Diagnóstico Integral.
| Main Author: | |
|---|---|
| Other Authors: | |
| Format: | Tesis Section = Libro |
| Language: | Undetermined Spanish |
| Published: |
Managua
Universidad Nacional Autónoma de Nicaragua (UNAN)
1980
|
| Subjects: |
| LEADER | 00907nam a2200205Ia 4500 | ||
|---|---|---|---|
| 008 | 240830s9999 xx 000 0 und d | ||
| 040 | |a BIBLIOTECA-RUSB/ Mon 711.4 R281 | ||
| 041 | |a spa | ||
| 082 | |a Mon 711.4 R281 | ||
| 100 | 1 | |a Paulina, Araica M. | |
| 245 | 1 | 0 | |a Reforma y mejoramiento integral de los barrios: Andrés Castro, sector Altagracia Sur, Berta Calderón y el Recreo |
| 260 | |a Managua |b Universidad Nacional Autónoma de Nicaragua (UNAN) |c 1980 | ||
| 300 | |a p. irreg. :il. | ||
| 502 | |a Tesis (Arquitecto) - Universidad Nacional Autónoma de Nicaragua (UNAN), 1980. | ||
| 520 | 3 | |a El proyecto permitirá conocer los problemas del sector así como la causa de ellos mismos, a través de la elaboración de un Diagnóstico Integral. | |
| 650 | 7 | |a CIUDADES (PLANES Y PLANIFICACION LOCALES) I | |
| 700 | 1 | |a Tutor: |b Martínez Ramírez, Jorge | |
| 942 | |c BK |2 ddc | ||
| 991 | |a TESIS | ||
| 999 | |c 20958 | ||